000 00361nam a2200145Ia 4500
008 150201s2004 xx 000 0 und d
082 _a615.32
_bP2004S
100 _aSIDDIQU A.A
245 _aPHARMACOLOGY AND TOXICOLOGY
250 _a1ST
260 _bBIRLA PUBLICATION
_aSHAHDARA(DELHI)
_c2004
300 _a1-228
650 _aPHARMACOLOGY
942 _2ddc
_cBK
999 _c2665
_d2665